[Event "Olympiad Women 2024"]
[Site "Budapest HUN"]
[Date "2024.09.21"]
[Round "10.70"]
[Board "1"]
[White "Ahmed, Najla"]
[Black "Jambo, Linda"]
[Result "1-0"]
[WhiteElo "1539"]
[BlackElo "1629"]
[PlyCount "135"]
[EventDate "2024.09.11"]
[WhiteTeam "Bahrain"]
[BlackTeam "Malawi"]
[WhiteTeamCountry "BHN"]
[BlackTeamCountry "MWI"]

1. e4 e5 2. Nf3 Nc6 3. d4 exd4 4. Bc4 h6 5. Nxd4 Nxd4 6. Qxd4 d6 7. O-O Qf6 ({RR} 7... Be6 8. Bd3 Nf6 9. Nc3 Be7 10. Bf4 a6 11. Rfe1 c5 12. Qe3 Qd7 13. h3 c4 14. Be2 b5 15. Rad1 Qa7 16. Qf3 Rd8 17. e5 dxe5 18. Bxe5 O-O 19. Qg3 Rxd1 20. Rxd1 Qb6 21. Ne4 Bf5 22. Bxf6 {1-0 Sazonova,E (2250)-Spackova,M Moravia-ch op (Women) 1996}) ({RR} 7... Be6 8. e5 d5 9. Bb3 Ne7 10. f4 c6 11. Nc3 b6 12. Kh1 Nf5 13. Qd3 Bc5 14. Na4 Be7 15. Nc3 Bc5 16. Ne2 h5 17. Ba4 b5 18. Bxb5 Qb6 19. Ba4 O-O 20. Bb3 Rad8 21. Bd2 Be7 22. Ng3 {1-0 PEACE SAMSON (1870)-Mbatha,C (1799) 13th African Mixed Rapid 2024 (5.6)}) 8. Qe3 Qe5 $146 ({RR} 8... Be6 9. Bb3 a5 10. Ba4+ Bd7 11. Bxd7+ Kxd7 12. Rd1 Re8 13. Nc3 Qe6 14. f4 Nf6 15. e5 Ng4 16. Qg3 h5 17. Ne4 b6 18. h3 Nh6 19. Be3 Nf5 20. Qf3 Nxe3 21. Qxe3 Qf5 22. Rd4 Rh6 23. Qd3 {1-0 Todev,S (1308)-Nenchev,G (1492) BUL-ch sf 80th 2016 (9)}) 9. Nc3 c6 10. Qf3 Nf6 11. Bf4 Qh5 12. Qd3 Qc5 13. Rad1 Be7 14. Bxd6 Bxd6 15. Qxd6 Qxd6 16. Rxd6 O-O 17. Rfd1 Bg4 18. f3 Bh5 19. e5 Nh7 20. Rd7 b5 21. Bb3 Ng5 22. Rc7 Bxf3 23. gxf3 Nxf3+ 24. Kg2 Nxe5 25. Ne4 a5 26. a3 a4 27. Ba2 Rac8 28. Re7 Ng4 29. Kg3 h5 30. Rdd7 Nh6 31. Nd6 Rcd8 32. Bxf7+ Nxf7 33. Rxd8 Nxd8 34. Rc7 Rf6 35. Ne4 Rf1 36. Rc8 Rd1 37. Ng5 Rd6 38. Kf4 Kf8 39. Kf5 Ke7 40. Rc7+ Rd7 41. Rxd7+ Kxd7 42. Kg6 h4 43. Kxg7 Ne6+ 44. Nxe6 Kxe6 45. Kg6 h3 46. Kg5 c5 47. Kg4 Kd5 48. Kxh3 Kc4 49. Kg4 b4 50. h4 bxa3 51. bxa3 Kc3 52. h5 Kxc2 53. h6 Kb3 54. h7 c4 55. h8=Q Kxa3 56. Qc3+ Ka2 57. Qxc4+ Ka3 58. Qc2 Kb4 59. Kf4 a3 60. Ke4 a2 61. Qxa2 Kc3 62. Ke3 Kb4 63. Kd4 Kb5 64. Qc2 Kb6 65. Kd5 Kb7 66. Qc5 Ka6 67. Qb4 Ka7 68. Kc6 1-0

[Event "Olympiad Women 2024"]
[Site "Budapest HUN"]
[Date "2024.09.21"]
[Round "10.70"]
[Board "2"]
[White "Msukwa, Tupokiwe"]
[Black "Sharaf, Hawra"]
[Result "1-0"]
[WhiteElo "1674"]
[BlackElo "1595"]
[PlyCount "67"]
[EventDate "2024.09.11"]
[WhiteTeam "Malawi"]
[BlackTeam "Bahrain"]
[WhiteTeamCountry "MWI"]
[BlackTeamCountry "BHN"]

1. Nf3 c6 2. c4 Nf6 3. d4 d5 4. Nc3 dxc4 5. e4 b5 6. Bg5 h6 7. Bh4 ({RR} 7. Bxf6 exf6 8. a4 Bb4 9. Be2 O-O 10. O-O Bb7 11. axb5 Bxc3 12. bxc3 cxb5 13. d5 f5 14. Nd4 fxe4 15. Nxb5 a6 16. Na3 Qxd5 17. Bxc4 Qxd1 18. Rfxd1 Nc6 19. Bd5 Na5 20. Nc2 Bxd5 21. Rxd5 Nb3 {0-1 Swicarz,M (2325)-Shapiro,D (2392) Titled Tuesday intern op 16th June blitz 2020 (6)}) 7... b4 $146 ({RR} 7... Qa5 8. Qd2 b4 9. Nd1 Nxe4 10. Qe3 b3+ 11. Nd2 Nxd2 12. Qxd2 Qxd2+ 13. Kxd2 Be6 14. a3 g5 15. Bg3 Bg7 16. Ke3 Nd7 17. Rc1 Nb6 18. Nc3 Rd8 19. Rd1 Nd5+ 20. Nxd5 cxd5 21. Be2 Bf5 22. f3 {0-1 Skorokhodov,D-Kogan,A (2161) Cheliabinsk Panchenko Memorial 1st 2009 (2)}) ({RR} 7... Bg4 8. a3 g6 9. Be2 Bg7 10. h3 Bxf3 11. Bxf3 O-O 12. O-O g5 13. Bg3 Nfd7 14. Re1 Qb6 15. d5 c5 16. e5 Re8 17. e6 Nf6 18. exf7+ Kxf7 19. d6 Nc6 20. Bh5+ Nxh5 21. Qxh5+ Kg8 22. Nd5 {1-0 Ballinas,J-Zamora,M Unacar-ch Cuidad del Carmen  1997 (2)}) ({RR} 7... Qa5 8. Nd2 a6 9. a4 Qb6 10. b3 Qxd4 11. Ne2 Qc5 12. bxc4 bxc4 13. Rc1 Be6 14. Nf4 c3 15. Nxe6 fxe6 16. Nb3 Qb4 17. Qc2 Nbd7 18. Be2 Rb8 19. Rb1 Qxe4 20. Qxe4 Nxe4 21. Bd3 g5 22. Bxe4 {0-1 Daniel,M (2101)-Sedlacek,O (2296) CZE-chT2D 0910 2009 (8.3)}) 8. Bxf6 exf6 9. Nb1 Be7 10. Bxc4 O-O 11. O-O Bg4 12. Be2 Nd7 13. h3 Bh5 14. Nbd2 Nb6 15. Qc2 Rc8 16. Rac1 c5 17. d5 Bd6 18. Nc4 Nxc4 19. Qxc4 f5 20. exf5 Bxf3 21. Bxf3 Qf6 22. b3 Qe5 23. g3 Rc7 24. Qe4 Qf6 25. Rfe1 Re7 26. Qd3 Rfe8 27. Re2 Rxe2 28. Bxe2 Re5 29. g4 h5 30. Rc4 Qe7 31. Kf1 Qg5 32. f4 Rxf5 33. Qxf5 Qh4 34. gxh5 1-0

[Event "Olympiad Women 2024"]
[Site "Budapest HUN"]
[Date "2024.09.21"]
[Round "10.70"]
[Board "3"]
[White "Yaqoob, Wafa"]
[Black "Simwaba, Anne"]
[Result "1-0"]
[WhiteElo "1438"]
[BlackElo "1596"]
[PlyCount "65"]
[EventDate "2024.09.11"]
[WhiteTeam "Bahrain"]
[BlackTeam "Malawi"]
[WhiteTeamCountry "BHN"]
[BlackTeamCountry "MWI"]

1. e4 d5 2. exd5 Qxd5 3. Nf3 Qd8 4. d4 Nf6 5. c4 e6 6. Nc3 Be7 7. Bd3 b6 8. O-O Bb7 9. Bf4 O-O 10. Qe2 a6 ({RR} 10... Nc6 11. Rad1 Bd6 12. Bg5 h6 13. Bh4 Be7 14. d5 exd5 15. cxd5 Nb4 16. Rfe1 Nxd3 17. Qxd3 Re8 18. Ne5 Nxd5 19. Bxe7 Rxe7 20. Nxd5 Qxd5 21. Qxd5 Bxd5 22. Rxd5 Rae8 23. Re3 Re6 24. Nc4 c6 25. Rxe6 {1-0 Carlsen,M (2832)-Nakamura,H (2786) chess.com Speed 1m+1spm 2017 blitz (4.24)}) 11. Rad1 Nbd7 12. Ne5 $146 ({RR} 12. Rfe1 Bb4 13. Bc2 Re8 14. Ne5 Nf8 15. Ba4 b5 16. cxb5 Bxc3 17. bxc3 Qd5 18. f3 axb5 19. Bxb5 Rxa2 20. Qd3 Rea8 21. Bc4 Qa5 22. Bxa2 Qxa2 23. c4 Qa7 24. Bg5 Rd8 25. Ng4 N8d7 26. Nxf6+ gxf6 {1-0 Howell,J (2450)-Denker,A (2320) New York op 1990 (7)}) 12... Rc8 13. Bc2 Re8 14. Rfe1 c5 15. dxc5 Bxc5 16. Nxd7 Nxd7 17. Qd3 Nf6 18. Qg3 Qe7 19. Bh6 Nh5 20. Qg4 Qf6 21. Be3 Bxe3 22. Rxe3 g6 23. Be4 Rxc4 24. Qe2 Rc7 25. Bxb7 Rxb7 26. Ne4 Qe7 27. Nd6 Rd8 28. Nxb7 Rxd1+ 29. Qxd1 Qxb7 30. Qd8+ Kg7 31. f3 Qc6 32. Rc3 Qb5 33. Rc8 1-0

[Event "Olympiad Women 2024"]
[Site "Budapest HUN"]
[Date "2024.09.21"]
[Round "10.70"]
[Board "4"]
[White "Jaylos Rachel"]
[Black "Obaid, Sondos"]
[Result "0-1"]
[WhiteElo "1540"]
[BlackElo "1457"]
[PlyCount "140"]
[EventDate "2024.09.11"]
[WhiteTeam "Malawi"]
[BlackTeam "Bahrain"]
[WhiteTeamCountry "MWI"]
[BlackTeamCountry "BHN"]

1. e4 c6 2. d4 d5 3. e5 c5 4. c3 Nc6 5. Bf4 ({RR} 5. Na3 cxd4 6. cxd4 Bf5 7. Bd3 Bxd3 8. Qxd3 e6 9. Ne2 Bb4+ 10. Bd2 Nge7 11. O-O O-O 12. Nc2 Bxd2 13. Qxd2 Rc8 14. Ne3 Qa5 15. Nc3 Qb4 16. Rfd1 Na5 17. Rac1 Rc6 18. Ne4 Qxd2 19. Nxd2 Rfc8 {0-1 Xie,J (2530)-Karpov,A (2770) Amber-blindfold 05th rapid 1996 (10)}) 5... cxd4 ({RR} 5... Qb6 6. Qb3 Qxb3 7. axb3 cxd4 8. c4 e6 9. Nf3 Bb4+ 10. Nbd2 Nge7 11. Bd3 O-O 12. O-O Bd7 13. Nb1 Bc5 14. Na3 Nb4 15. Be2 d3 16. Bd1 a6 17. Nd2 Ng6 18. Bg3 Bd4 19. Rb1 Nxe5 20. Nf3 {0-1 Kostelac,T (1314)-Radikovic,A (1805) CRO-chT U16 Girls 2017 (1)}) 6. cxd4 Qb6 7. b3 $146 ({RR} 7. Nc3 e6 8. Nf3 Bd7 9. g4 h5 10. g5 g6 11. Na4 Qa5+ 12. Bd2 Bb4 13. Nc5 Nxd4 14. Nxb7 Nxf3+ 15. Qxf3 Bxd2+ 16. Kd1 Qa4+ 17. Ke2 Qb5+ {0-1 Schneider-Vogel,H NRW-ch U20 Girls 1994 (2)}) 7... Qxd4 8. Qxd4 Nxd4 9. Bd3 e6 10. Ne2 Bc5 11. O-O Nxe2+ 12. Bxe2 Bd4 13. Nc3 Bxc3 14. Rac1 Ba5 15. Rc2 Bd7 16. a3 Ne7 17. h4 O-O 18. h5 h6 19. g4 Rac8 20. Rxc8 Rxc8 21. b4 Bb6 22. Kg2 Rc3 23. Bc1 Nc6 24. Re1 Nxe5 25. Bb2 Rc2 26. Bxe5 Ra2 27. Bg3 Rxa3 28. Rb1 a6 29. Bd6 Ra2 30. Kf3 d4 31. Bd3 Bc6+ 32. Be4 Bxe4+ 33. Kxe4 Rxf2 34. Bc5 Bxc5 35. bxc5 Rc2 36. Kxd4 Rd2+ 37. Kc4 Rd7 38. Re1 Kh7 39. Kc3 g6 40. Kc4 gxh5 41. gxh5 Kg7 42. Kb4 Rc7 43. Rd1 f5 44. Rg1+ Kh7 45. Rg6 Rc6 46. Rf6 a5+ 47. Kxa5 Rxc5+ 48. Kb6 Re5 49. Kxb7 f4 50. Rxf4 Rxh5 51. Re4 Rg5 52. Rxe6 h5 53. Re4 Rg4 54. Re1 h4 55. Kc6 Kh6 56. Kd5 Kh5 57. Ke5 h3 58. Kf5 Kh4 59. Rh1 Rg2 60. Ra1 h2 61. Ra4+ Kh3 62. Ra3+ Rg3 63. Ra1 Rf3+ 64. Ke4 Kg2 65. Rb1 Rf1 66. Rb2+ Rf2 67. Rb1 h1=Q 68. Rxh1 Kxh1 69. Ke3 Kg2 70. Ke4 Rf3 0-1

[Event "Olympiad Women 2024"]
[Site "Budapest HUN"]
[Date "2024.09.21"]
[Round "10.71"]
[Board "1"]
[White "Al Balushi, Mariya"]
[Black "Swaminathan, Laia"]
[Result "1/2-1/2"]
[WhiteElo "1561"]
[BlackElo "1620"]
[PlyCount "60"]
[EventDate "2024.09.11"]
[WhiteTeam "Oman"]
[BlackTeam "Cayman Islands"]
[WhiteTeamCountry "OMN"]
[BlackTeamCountry "CAY"]

1. e4 e5 2. Nf3 Nc6 3. Bb5 a6 4. Ba4 Nf6 5. d4 exd4 6. O-O Be7 7. e5 Nd5 8. c3 ({RR} 8. Bb3 Nb6 9. Nxd4 Nxd4 10. Qxd4 O-O 11. Bf4 d5 12. exd6 Bxd6 13. Bxd6 Qxd6 14. Qxd6 cxd6 15. Nc3 Be6 16. Rad1 Rfd8 17. Rfe1 Bxb3 18. axb3 Kf8 19. Rd4 Rac8 20. Kf1 Rc6 21. Re2 d5 22. Red2 Ke7 {½-½ Schmidt,G (2353)-Milov,V (2595) EU-ch Internet qual blitz 2003 (2)}) 8... b5 ({RR} 8... Nb6 9. Nxd4 Nxa4 10. Nxc6 dxc6 11. Qxa4 Qd5 12. Bf4 Bf5 13. Rd1 Qe6 14. h3 Qg6 15. Rd2 Bxb1 16. Qb3 b5 17. e6 fxe6 18. Bxc7 Be4 19. Bg3 Bd5 20. Qd1 Bc5 21. Kh2 O-O 22. f3 Qf5 23. a4 {0-1 Lozon Urena,X (1502)-Berishvili,L (1324) Barcelona Sant Marti op-B 22nd 2022 (7)}) 9. Bb3 Nb6 10. Nxd4 $146 ({RR} 10. cxd4 O-O 11. d5 Na5 12. d6 cxd6 13. exd6 Bf6 14. Bc2 Nac4 15. Nc3 b4 16. Nd5 Nxb2 17. Bxb2 Bxb2 18. Rb1 Bf6 19. Rxb4 Nxd5 20. Qxd5 a5 21. Qxa8 axb4 22. Qe4 g6 23. Qxb4 Ba6 24. Rb1 Re8 {½-½ Steinhart,M (1780)-Lampert,J (1563) Bad Woerishofen op 28th 2012 (4)}) 10... Nxe5 11. Re1 Ng6 12. Nf5 O-O 13. Nxe7+ Nxe7 14. Bg5 Re8 15. Qf3 d5 16. Nd2 Be6 17. Rad1 Qc8 18. h3 Ng6 19. Nf1 h6 20. Be3 Nc4 21. Bc1 Nce5 22. Qg3 Nc4 23. Bc2 Qd7 24. Bxg6 fxg6 25. Qxg6 Bf5 26. Qg3 Rxe1 27. Rxe1 Kh7 28. b3 Nd6 29. Nd2 Ne4 30. Nxe4 Bxe4 1/2-1/2

[Event "Olympiad Women 2024"]
[Site "Budapest HUN"]
[Date "2024.09.21"]
[Round "10.71"]
[Board "3"]
[White "Al Ghafri, Alanoud"]
[Black "Majid, Zara"]
[Result "0-1"]
[WhiteElo "1546"]
[BlackElo "1411"]
[PlyCount "82"]
[EventDate "2024.09.11"]
[WhiteTeam "Oman"]
[BlackTeam "Cayman Islands"]
[WhiteTeamCountry "OMN"]
[BlackTeamCountry "CAY"]

1. e4 d6 2. d4 Nf6 3. Nc3 g6 4. f3 Bg7 5. Be3 O-O 6. Qd2 Nbd7 7. h4 c5 ({RR} 7... e5 8. d5 Nh5 9. Nge2 f5 10. O-O-O f4 11. Bf2 a6 12. Kb1 b5 13. Nc1 b4 14. N3e2 a5 15. c3 bxc3 16. Qxc3 a4 17. Nd3 Rf7 18. Rc1 Ndf6 19. Nb4 Bb7 20. Qc4 Ra5 21. Rh2 Qc8 22. Nc3 {1-0 Radlovacki,J (2429)-Dinev,D (2398) Subotica 2011 (8)}) ({RR} 7... h5 8. Nh3 e5 9. O-O-O Qe7 10. Ng5 exd4 11. Bxd4 Ne5 12. Be2 b6 13. Rdg1 c5 14. Be3 Bb7 15. g4 a6 16. gxh5 Nxh5 17. f4 Nd7 18. Bxh5 gxh5 19. Qg2 f6 20. Ne6 Rf7 21. f5 Kh8 22. Qg6 {1-0 Koziorowicz,M (2324)-De Souza,C (2018) Titled Tue 20th Feb Late 2024 (1)}) 8. Nge2 cxd4 9. Nxd4 Qa5 $146 ({RR} 9... a6 10. Bh6 Qc7 11. h5 Ne5 12. hxg6 fxg6 13. Bxg7 Kxg7 14. Qh6+ Kg8 15. Nd5 Qd7 16. f4 Neg4 17. Nxf6+ Nxf6 18. Bc4+ d5 19. Bxd5+ Kh8 {1-0 Dragun,K (2428)-Zgadzaj,R (2251) Wroclaw Anderssen Memorial op 20th rapid 2011 (9)}) 10. Nb3 Qd8 11. O-O-O a6 12. h5 Nxh5 13. g4 Ng3 14. Rh3 Nxf1 15. Rxf1 Bxc3 16. Qxc3 f6 17. g5 Ne5 18. Rh2 f5 19. Rfh1 Rf7 20. exf5 Bxf5 21. Bf4 Rc8 22. Qe3 Qc7 23. Nd4 Nd3+ 24. Kb1 Nxf4 25. Qxf4 Bxc2+ 26. Rxc2 Qxc2+ 27. Nxc2 Rxf4 28. Ne3 Rxf3 29. Nd5 Rf7 30. a4 Rc5 31. Nf4 Rxf4 32. Ka2 Rxg5 33. Rc1 Rc5 34. Re1 Re5 35. Rc1 Rfe4 36. Rc7 Rc5 37. Rxb7 Rxa4+ 38. Kb1 Kf7 39. b3 Rb5 40. Rxb5 axb5 41. bxa4 bxa4 0-1

[Event "Olympiad Women 2024"]
[Site "Budapest HUN"]
[Date "2024.09.21"]
[Round "10.72"]
[Board "1"]
[White "Magne Kouokam Sylviane"]
[Black "Ruddy, Rachel"]
[Result "1-0"]
[WhiteElo "1587"]
[BlackElo "1662"]
[PlyCount "61"]
[EventDate "2024.09.11"]
[WhiteTeam "Cameroon"]
[BlackTeam "Jersey"]
[WhiteTeamCountry "CAM"]

1. d4 Nf6 2. c4 g6 3. Nf3 Bg7 4. Nc3 d6 5. Bf4 O-O 6. e3 Bg4 7. Be2 Nbd7 8. Qb3 Qc8 9. h3 Bxf3 10. Bxf3 c6 11. O-O Re8 $146 ({RR} 11... e5 12. dxe5 dxe5 13. Bh2 Re8 14. Rfd1 e4 15. Bg4 Nxg4 16. hxg4 Nc5 17. Qc2 Qxg4 18. b4 Nd3 19. Kf1 Nxb4 20. Qb3 Nd3 21. Rab1 Qh4 22. Bg3 Qh1+ 23. Ke2 Qxg2 24. Nxe4 Qxe4 25. Rxd3 Rad8 26. Rbd1 {0-1 Njeri,M (1261)-Adan,M (1236) KEN-chT Nairobi 2019 (11.4)}) 12. Rfe1 e5 13. dxe5 Nxe5 14. Be2 Ned7 15. Bxd6 Re6 16. Rad1 Nb6 17. c5 Nbd5 18. Nxd5 Nxd5 19. Bf3 Nc7 20. e4 Nb5 21. Bg4 Kh8 22. Bxe6 fxe6 23. e5 Nc7 24. Bxc7 Qxc7 25. Qxe6 Rf8 26. Rd7 Qa5 27. Red1 Qxc5 28. Rf7 Rxf7 29. Qxf7 h6 30. Rd8+ Kh7 31. Qg8# 1-0

[Event "Olympiad Women 2024"]
[Site "Budapest HUN"]
[Date "2024.09.21"]
[Round "10.72"]
[Board "2"]
[White "Ashbrooke, Monika"]
[Black "Danwe Maissiri Carole"]
[Result "1-0"]
[WhiteElo "1650"]
[BlackElo "1456"]
[PlyCount "113"]
[EventDate "2024.09.11"]
[WhiteTeam "Jersey"]
[BlackTeam "Cameroon"]
[BlackTeamCountry "CAM"]

1. d4 d5 2. Nf3 Nf6 3. g3 e6 4. Bg2 Be7 5. O-O O-O 6. c4 Nbd7 7. Nc3 Rb8 ({RR} 7... b6 8. cxd5 Nxd5 9. Nxd5 exd5 10. Bf4 Bb7 11. Rc1 c5 12. dxc5 bxc5 13. Ne5 Nf6 14. Qa4 Qb6 15. Bg5 Rfd8 16. Bxf6 Qxf6 17. Nd7 Qd4 18. Qxd4 cxd4 19. Ne5 Bf6 20. Nd3 Rac8 21. Bh3 Rc4 22. Rfd1 {0-1 Harsha,B (2608)-Duda,J (2724) Titled Tue 21st Mar Early 2023 (4)}) ({RR} 7... b6 8. cxd5 exd5 9. Bf4 c6 10. Rc1 Re8 11. Nb5 Rf8 12. Nc7 Rb8 13. Ne6 fxe6 14. Bxb8 Nxb8 15. Ne5 c5 16. dxc5 Bxc5 17. Nd3 Nbd7 18. b4 Bd6 19. b5 Nc5 20. Nb4 Bb7 21. e3 Qd7 22. a4 {0-1 Kuang,W (1373)-Liang,H ch-CHN GpB Women 2023 (8.27)}) 8. c5 c6 9. Bf4 Ra8 10. Re1 $146 ({RR} 10. b4 Ne8 11. e4 g5 12. Be3 f5 13. Qd2 dxe4 14. Nxg5 Ndf6 15. Nh3 Nd5 16. Bh6 Ng7 17. f3 Bf6 18. Ne2 exf3 19. Bxf3 e5 20. dxe5 Bxe5 21. Rad1 Be6 22. Nd4 Bxd4+ 23. Qxd4 Qf6 24. Qxf6 Rxf6 {½-½ Lesage,P (1706)-Morin,L (1912) Quebec-ch Senior 2017 (2)}) 10... b6 11. b4 a5 12. a3 Bb7 13. e4 dxe4 14. Nxe4 Nxe4 15. Rxe4 Nf6 16. Re1 Nd5 17. Qd2 Bf6 18. Bd6 Re8 19. bxa5 Rxa5 20. cxb6 Qxb6 21. Rab1 Rb5 22. Bc5 Qd8 23. a4 Rxb1 24. Rxb1 Ba8 25. a5 Ne7 26. a6 Qc7 27. a7 Nc8 28. Rb8 Nd6 29. Bxd6 Qd7 30. Rxe8+ Qxe8 31. Qb4 Qd7 32. Ne5 Qxa7 33. Qb8+ Qxb8 34. Bxb8 Bxe5 35. dxe5 Kf8 36. Kf1 Ke8 37. Ke2 Kd8 38. Kd3 Kc8 39. Bd6 Kb7 40. Kc4 Kb6 41. Bc5+ Kc7 42. Bf8 g6 43. Kc5 Bb7 44. Bd6+ Kc8 45. Bxc6 Bxc6 46. Kxc6 Kd8 47. Bf8 Ke8 48. Bg7 Ke7 49. Bf6+ Kf8 50. Kd6 Ke8 51. g4 h5 52. gxh5 gxh5 53. f3 Kf8 54. Kd7 h4 55. Bxh4 Kg7 56. Bf6+ Kg6 57. Ke7 1-0

[Event "Olympiad Women 2024"]
[Site "Budapest HUN"]
[Date "2024.09.21"]
[Round "10.73"]
[Board "1"]
[White "Lima, Izidora Lourenco"]
[Black "Andhin, Chethanah"]
[Result "1/2-1/2"]
[WhiteElo "1579"]
[BlackElo "1607"]
[PlyCount "75"]
[EventDate "2024.09.11"]
[WhiteTeam "Sao Tome and Principe"]
[BlackTeam "Mauritius"]
[WhiteTeamCountry "SAO"]
[BlackTeamCountry "MRI"]

1. e4 e6 2. d4 d5 3. exd5 exd5 4. Nf3 Bd6 5. Bd3 Ne7 6. O-O O-O 7. Re1 Nbc6 8. c3 Bf5 9. Ng5 $146 ({RR} 9. Bg5 Qd7 10. Bxe7 Nxe7 11. Bxf5 Qxf5 12. Nbd2 Ng6 13. Nf1 c6 14. Ng3 Qg4 15. Ne5 Qxd1 16. Raxd1 Bxe5 17. dxe5 Rfe8 18. c4 dxc4 19. e6 fxe6 20. Rd7 Nf4 21. Rxb7 Rab8 22. Rxb8 Rxb8 23. Re4 g5 {0-1 Jablecnik,G (2126)-Dubina,P (2151) CZE-chT2E 1011 2010 (6.5)}) ({RR} 9. Bg5 Bxd3 10. Qxd3 {½-½ Najer,E (2663)-Dubov,D (2659) RUS-chT rapid 2015 (7.2)}) ({RR} 9. Bg5 f6 10. Bh4 Qd7 11. Bg3 Bxg3 12. hxg3 Bxd3 13. Qxd3 Rae8 14. Nbd2 Nf5 15. Rxe8 Rxe8 16. Re1 Nd6 17. Kf1 g6 18. Rxe8+ Qxe8 19. Qe2 Qd7 20. Qd3 Kf7 21. Nb3 b6 22. Nbd2 a5 23. a4 Ne7 {1-0 Osmak,Y (2452)-Bartel,M (2650) Titled Tue 12th Mar Early 2024 (8)}) ({RR} 9. Qc2 Bxd3 10. Qxd3 Qd7 11. Nbd2 Rae8 12. Nf1 Nf5 13. Bd2 a6 14. Ne3 Nxe3 15. Rxe3 Rxe3 16. Bxe3 {½-½ Garma,C (2404)-Villamayor,B (2514) PHI-ch Makati 2002 (8)}) ({RR} 9. Bg5 Qd7 10. Qc2 Bxd3 11. Qxd3 Qf5 12. Qxf5 Nxf5 13. b4 f6 14. Bd2 Rfe8 15. a4 h5 16. Na3 a6 17. Nc2 Kf7 18. h3 Rxe1+ 19. Rxe1 Re8 20. Rxe8 Kxe8 21. Kf1 b5 {½-½ Bakos,S-Portisch,F Budapest Bebrits Memorial-05 1972 (4)}) 9... Bxd3 10. Qxd3 Ng6 11. Be3 Qf6 12. Nd2 Nce7 13. Nh3 Qf5 14. Qxf5 Nxf5 15. Re2 Nxe3 16. fxe3 Rae8 17. e4 Nf4 18. Nxf4 Bxf4 19. e5 f6 20. Nf3 Re6 21. g3 Bh6 22. Rae1 fxe5 23. Nxe5 Rfe8 24. Rf1 g6 25. Kg2 Bg7 26. Rfe1 b5 27. h4 Bf8 28. Kf2 Bd6 29. g4 Rf8+ 30. Kg3 Ref6 31. Re3 h5 32. Kh3 hxg4+ 33. Nxg4 Rf3+ 34. Kg2 R3f4 35. Kh3 Rf3+ 36. Kg2 R3f4 37. Kh3 Rf3+ 38. Kg2 1/2-1/2

[Event "Olympiad Women 2024"]
[Site "Budapest HUN"]
[Date "2024.09.21"]
[Round "10.74"]
[Board "1"]
[White "Nomcebo, Sibisi"]
[Black "Maly Inthavong"]
[Result "1-0"]
[WhiteElo "1570"]
[BlackElo "1633"]
[PlyCount "81"]
[EventDate "2024.09.11"]
[WhiteTeam "Eswatini"]
[BlackTeam "Laos"]
[BlackTeamCountry "LAO"]

1. d4 d5 2. Nf3 Nc6 3. g3 Bf5 4. Bg2 Nb4 5. Na3 e6 6. O-O Nf6 7. c3 Nc6 8. Nb1 Bd6 ({RR} 8... h6 9. b3 Bd6 10. a4 O-O 11. Ba3 Ne7 12. Nbd2 Rc8 13. e3 c5 14. Qe2 cxd4 15. cxd4 Bxa3 16. Rxa3 Rc3 17. Ne5 Qd6 18. Raa1 Rfc8 19. Rfd1 a6 20. Qe1 Rc2 21. Rdc1 Qc7 22. Rxc2 Qxc2 23. Bf1 {1-0 Kopylov,D (2355)-Salemgareev,T (2453) Titled Tue 23rd Apr Early 2024 (11)}) 9. Nbd2 $146 ({RR} 9. Bf4 O-O 10. Bxd6 cxd6 11. Nbd2 h6 12. Re1 a5 13. a4 e5 14. e3 Bd3 15. h3 Qc7 16. Qb3 e4 17. Nh2 b5 18. Bf1 Bc4 19. Qc2 Bxf1 20. Nhxf1 Nb4 21. Qb3 Nd3 22. Reb1 Qd7 23. Kg2 bxa4 {0-1 Jeet,J (2320)-Bharath,S (2496) Titled Tue 5th Sep Early 2023 (2)}) 9... O-O 10. Nh4 Bg6 11. Nxg6 fxg6 12. c4 Nxd4 13. cxd5 Nxd5 14. Nc4 Qf6 15. Nxd6 cxd6 16. e3 Nf3+ 17. Kh1 Rad8 18. Rb1 Qf5 19. Bd2 Qh5 20. h3 g5 21. e4 g4 22. exd5 gxh3 23. Bxf3 Rxf3 24. Kh2 exd5 25. b4 Rdf8 26. Be3 Qf5 27. Rb2 h5 28. Rd2 h4 29. Rg1 g5 30. Rxd5 Rxf2+ 31. Bxf2 Qxf2+ 32. Kxh3 Rf3 33. Rxg5+ Kh7 34. Qb1+ Kh8 35. Rh5+ Kg7 36. Qh7+ Kf6 37. Qh6+ Ke7 38. Qg5+ Kd7 39. Rh7+ Kc6 40. Rc1+ Kb6 41. Qa5# 1-0

[Event "Olympiad Women 2024"]
[Site "Budapest HUN"]
[Date "2024.09.21"]
[Round "10.75"]
[Board "1"]
[White "Magno, Angelica"]
[Black "Asha huang Limboo"]
[Result "0-1"]
[WhiteElo "1544"]
[BlackElo "1420"]
[PlyCount "70"]
[EventDate "2024.09.11"]
[WhiteTeam "Palau"]
[BlackTeam "Bhutan"]
[WhiteTeamCountry "PAL"]
[BlackTeamCountry "BTN"]

1. d4 {Edouard,Romain} Nf6 2. c4 d5 3. Nc3 e6 4. Nf3 h6 5. Bf4 ({RR} 5. g3) 5... Bb4 ({RR} 5... Bd6) 6. e3 ({RR} 6. cxd5 Nxd5 ({RR} 6... exd5 7. e3) 7. Bd2 O-O 8. g3 ({RR} 8. e4 Nxc3 9. bxc3 Ba5 10. Bc4 c5 11. O-O) 8... Nxc3 9. bxc3 Ba5 10. g4 ({RR} 10. Bg2 c5 11. O-O) 10... c5 11. Rg1 Nc6 12. dxc5 e5 ({RR} 12... Qd5 13. g5 h5 ({RR} 13... hxg5 14. Nxg5 f6 15. Bg2 Qxc5 16. Ne4 Qh5) 14. Qb3 Qxc5 15. g6 f6) 13. Qc2 Re8 14. g5 g6 ({RR} 14... h5 15. g6 f6) 15. gxh6 e4 16. Ng5 Bf5 17. O-O-O Qf6 ({RR} 17... e3 18. Bxe3 Bxc2 19. Rxd8 Bxd8 20. Kxc2 Bxg5 21. Bxg5) 18. Bh3 e3 ({RR} 18... Bxh3 19. Nxh3) 19. Bxf5 exd2+ 20. Rxd2 Re5 {1-0 L'Ami,E (2620)-Caruana,F (2835) Bundesliga 1920 final 2020 (4.1)} ({RR} 20... Qxf5 21. Qxf5 gxf5 22. h7+ Kh8 23. Nxf7+ Kxh7 24. Rd6) ({RR} 20... gxf5 21. Ne4+)) 6... Bxc3+ ({RR} 6... c5 7. Qc2 O-O 8. dxc5 Ne4 9. Bd3 Nxc5 10. O-O Nxd3 11. Qxd3 dxc4 12. Qxc4 Qa5 13. Nb5 Bd7 14. Nc7 Na6 15. a3 Be7 16. Nxa8 Qb5 17. Qe4 Bf6 {1-0 Yildiz,E (2072)-Alaoglu,N (1828) TCh-TUR 2nd League 2024 (6.13)}) 7. bxc3 Nc6 $146 ({RR} 7... dxc4 8. Bxc4 Nd5 9. Be5 f6 10. Bg3 c6 11. Qd3 O-O 12. e4 Ne7 13. O-O c5 14. d5 exd5 15. exd5 Kh8 16. Nh4 g5 17. Ng6+ Kg7 18. Nxf8 Qxf8 19. Bd6 Qd8 20. Bxe7 Qxe7 21. d6 Qf8 22. Rfe1 {1-0 Boros,L (1892)-Balogh,F (1750) HUN-chT2 Barcza 1314 2013 (2)}) 8. Bd3 Qe7 9. O-O a6 10. c5 b6 11. cxb6 cxb6 12. Qc2 b5 13. a4 b4 14. Ne5 Nxe5 15. Bxe5 O-O 16. cxb4 Bd7 17. Rfb1 Rfc8 18. Qe2 a5 19. b5 Ne4 20. Bxe4 dxe4 21. h3 Qh4 22. Bg3 Qg5 23. Bf4 Qe7 24. Qh5 f6 25. Qg6 Be8 26. Qxe4 f5 27. Qf3 Qd8 28. Be5 Qg5 29. Qb7 Bf7 30. b6 Be8 31. d5 Rd8 32. dxe6 Rac8 33. Rd1 Bc6 34. Rxd8+ Kh7 35. Qxc8 Qxg2# 0-1